[Event "Isla de La Palma Torneo Sub 2050"]
[Site "Isla de La Palma ESP"]
[Date "2005.06.07"]
[Round "5.1"]
[White "Gonzalo Gonzalez, Francisco"]
[Black "Machin Arbelo, Pedro Alexis"]
[Result "0-1"]
[WhiteElo "1947"]
[BlackElo "2029"]
[PlyCount "130"]
[EventDate "2005.06.03"]
[EventType "swiss"]
[EventRounds "9"]
[EventCountry "ESP"]
[Source "lmi"]
[SourceDate "2005.06.11"]

1. e4 e6 2. Bc4 c5 3. Nf3 a6 4. a3 d6 5. c3 Nf6 6. d3 Be7 7. Bg5 Nc6 8. Nbd2
O-O 9. O-O b5 10. Ba2 Qc7 11. d4 c4 12. Qc2 e5 13. d5 Nd8 14. h3 Nb7 15. b4
cxb3 16. Nxb3 Nh5 17. Qd2 Bxg5 18. Nxg5 Nf4 19. Kh2 h6 20. Nf3 Qd7 21. Ng1 f5
22. g3 fxe4 23. gxf4 Rxf4 24. Qe3 Qf7 25. Nd2 Nc5 26. f3 exf3 27. Ndxf3 Re4 28.
Qd2 Qh5 29. Rae1 Rf4 30. Qe3 Bd7 31. Nd2 Raf8 32. Rxf4 Rxf4 33. Qg3 Rg4 34. Qf3
Qh4 35. Rf1 Rf4 36. Qe3 Ra4 37. Ndf3 Qh5 38. Qf2 Ne4 39. Qa7 Rxa3 40. Bb1 Bf5
41. Qb8+ Kh7 42. Qf8 Qg6 43. Ne2 Rb3 44. Bxe4 Bxe4 45. Rg1 Qf6 46. Qxf6 gxf6
47. Nd2 Rb2 48. Rd1 Bxd5 49. Kg3 f5 50. Kf2 f4 51. Ke1 f3 52. Ng3 Bc6 53. Nf5
e4 54. Ne7 Bb7 55. Kf2 Rc2 56. Nf5 d5 57. Ke1 Kg6 58. Nd6 Bc6 59. Kf2 Rxc3 60.
Rg1+ Kf6 61. Rg8 e3+ 62. Kxf3 exd2+ 63. Ke2 Rxh3 64. Kxd2 Ke6 65. Rg6+ Kd7 0-1

[Event "Isla de La Palma Torneo Sub 2050"]
[Site "Isla de La Palma ESP"]
[Date "2005.06.07"]
[Round "5.2"]
[White "Lu Lee, Nicolas"]
[Black "Fernandez Garcia, Ignacio"]
[Result "0-1"]
[WhiteElo "1967"]
[BlackElo "2023"]
[PlyCount "92"]
[EventDate "2005.06.03"]
[EventType "swiss"]
[EventRounds "9"]
[EventCountry "ESP"]
[Source "lmi"]
[SourceDate "2005.06.11"]

1. e4 e6 2. d3 b6 3. g3 Bb7 4. Bg2 f5 5. Nd2 Nf6 6. Ngf3 fxe4 7. Ng5 Be7 8.
Ndxe4 Bxe4 9. Nxe4 Nc6 10. Nxf6+ Bxf6 11. Qh5+ g6 12. Qh3 Nd4 13. Kd1 Rb8 14.
c3 Nf5 15. g4 Nd6 16. Bf4 O-O 17. Bxd6 cxd6 18. f4 Bg7 19. Rf1 d5 20. Kc2 b5
21. f5 b4 22. c4 Qf6 23. Rab1 dxc4 24. dxc4 Qd4 25. Qd3 b3+ 26. axb3 Qxd3+ 27.
Kxd3 Rxb3+ 28. Ke2 Rfb8 29. fxe6 dxe6 30. Rfd1 a5 31. Bc6 Rh3 32. Rd2 Rxh2+ 33.
Kd1 Rxd2+ 34. Kxd2 Rxb2+ 35. Rxb2 Bxb2 36. Kd3 Kf7 37. Ba4 Kf6 38. c5 Ba3 39.
c6 Bd6 40. Ke4 Kg5 41. Kf3 Bc7 42. Bc2 h5 43. gxh5 gxh5 44. Kg2 h4 45. Bb3 e5
46. Bc2 Kf4 0-1

[Event "Isla de La Palma Torneo Sub 2050"]
[Site "Isla de La Palma ESP"]
[Date "2005.06.07"]
[Round "5.3"]
[White "Cabrera Trujillo, Jorge Juan"]
[Black "Sanjuan Morigosa, Isaura"]
[Result "1-0"]
[WhiteElo "2031"]
[BlackElo "2003"]
[PlyCount "80"]
[EventDate "2005.06.03"]
[EventType "swiss"]
[EventRounds "9"]
[EventCountry "ESP"]
[Source "lmi"]
[SourceDate "2005.06.11"]

1. e4 d5 2. exd5 Qxd5 3. Nc3 Qa5 4. d4 Nf6 5. Nf3 Bg4 6. h3 Bh5 7. g4 Bg6 8.
Ne5 e6 9. h4 Bb4 10. Bd2 Nbd7 11. Nc4 Qa6 12. h5 Bxc3 13. bxc3 Be4 14. Rg1 Qa4
15. Bd3 Bxd3 16. cxd3 Qxd1+ 17. Kxd1 c5 18. dxc5 Nxc5 19. Be3 Nxd3 20. Kc2 b5
21. Nd6+ Ke7 22. Nxb5 Ne5 23. Bxa7 Rhc8 24. Bd4 Nf3 25. Bxf6+ Kxf6 26. Rg3 Ng5
27. f4 Ne4 28. Rd3 Rc5 29. Re3 Nf2 30. g5+ Kf5 31. Nd4+ Kg4 32. Kb2 Kxh5 33.
Rf1 Rca5 34. Ra1 Kg4 35. Nb3 Ra4 36. Nd4 R4a5 37. Rg1+ Kh4 38. Kb3 Ra3+ 39. Kb2
Kh5 40. Ra1 Kh4 1-0

[Event "Isla de La Palma Torneo Sub 2050"]
[Site "Isla de La Palma ESP"]
[Date "2005.06.07"]
[Round "5.4"]
[White "Campos Calvo, Sotelo Juan"]
[Black "Orfali, Marcelo Rafael"]
[Result "1-0"]
[WhiteElo "1949"]
[BlackElo "2041"]
[PlyCount "69"]
[EventDate "2005.06.03"]
[EventType "swiss"]
[EventRounds "9"]
[EventCountry "ESP"]
[Source "lmi"]
[SourceDate "2005.06.11"]

1. b4 Nf6 2. c4 e6 3. a3 d5 4. e3 a5 5. b5 c6 6. Bb2 b6 7. Nc3 Bb7 8. Nf3 Nbd7
9. Rc1 Rc8 10. h3 c5 11. cxd5 exd5 12. d4 Bd6 13. dxc5 bxc5 14. Be2 Qe7 15. O-O
O-O 16. a4 Nb6 17. Re1 Ne4 18. Nxe4 dxe4 19. Nd2 Rfd8 20. Qc2 Bh2+ 21. Kh1 Bb8
22. Nc4 Nxc4 23. Bxc4 Qd6 24. g3 Qh6 25. Kg2 Rd3 26. Qe2 Rcd8 27. Qg4 Rd2 28.
Red1 Rxd1 29. Rxd1 Rxd1 30. Qxd1 Qd6 31. Qg4 g6 32. Qg5 Bc7 33. Bf6 Bc8 34. Be7
Qd1 35. Qh6 1-0

[Event "Isla de La Palma Torneo Sub 2050"]
[Site "Isla de La Palma ESP"]
[Date "2005.06.07"]
[Round "5.5"]
[White "Vela Ignacio, Jose Manuel"]
[Black "Schmitt, Raul"]
[Result "1-0"]
[WhiteElo "2023"]
[BlackElo "1939"]
[PlyCount "87"]
[EventDate "2005.06.03"]
[EventType "swiss"]
[EventRounds "9"]
[EventCountry "ESP"]
[Source "lmi"]
[SourceDate "2005.06.11"]

1. e4 e6 2. d4 d5 3. Nc3 Nf6 4. e5 Nfd7 5. Qg4 c5 6. Bb5 Nc6 7. Bg5 Qb6 8. dxc5
Bxc5 9. Qg3 Bd4 10. Nge2 Bxe5 11. Bf4 Bxf4 12. Nxf4 Qd4 13. O-O O-O 14. Rfe1 g6
15. Rad1 Qg7 16. Nd3 Nd4 17. Bxd7 Bxd7 18. Ne5 Nf5 19. Qd3 Bc6 20. Nxc6 bxc6
21. Na4 Rfc8 22. c4 Nd6 23. b3 Qf6 24. Qe3 Ne4 25. f3 Nd6 26. Qc5 Qe7 27. cxd5
cxd5 28. Qxd5 Nf5 29. Qd2 Rc7 30. Nb2 Qc5+ 31. Qf2 Qb4 32. Nc4 Ne7 33. Re2 Nd5
34. Red2 a5 35. Ne3 Nb6 36. Ng4 h5 37. Nf6+ Kf8 38. Rd4 Qc5 39. Ne4 Qe7 40. Qb2
e5 41. Rd6 Rd7 42. Qd2 Rxd6 43. Qh6+ Ke8 44. Nxd6+ 1-0

[Event "Isla de La Palma Torneo Sub 2050"]
[Site "Isla de La Palma ESP"]
[Date "2005.06.07"]
[Round "5.6"]
[White "Ortiz Perez, Hector"]
[Black "Rodriguez Lorenzo, Yadira"]
[Result "1/2-1/2"]
[WhiteElo "2017"]
[BlackElo "1927"]
[PlyCount "47"]
[EventDate "2005.06.03"]
[EventType "swiss"]
[EventRounds "9"]
[EventCountry "ESP"]
[Source "lmi"]
[SourceDate "2005.06.11"]

1. e4 c5 2. Nf3 d6 3. d4 cxd4 4. Nxd4 Nf6 5. Nc3 a6 6. Be2 e5 7. Nb3 Be7 8. Be3
Be6 9. f3 Nbd7 10. O-O b5 11. Qd2 Rc8 12. Rfc1 Nb6 13. a4 Nc4 14. Qd3 Nxb2 15.
Qd2 Nc4 16. Qd3 d5 17. exd5 Nxd5 18. Nxd5 Qxd5 19. Qxd5 Bxd5 20. Bf2 O-O 21.
axb5 axb5 22. Na5 Nxa5 23. Rxa5 Bg5 24. Rd1 1/2-1/2

[Event "Isla de La Palma Torneo Sub 2050"]
[Site "Isla de La Palma ESP"]
[Date "2005.06.08"]
[Round "5.7"]
[White "Hernandez Leon, Sergio"]
[Black "Alonso Contreras, Mario Elias"]
[Result "0-1"]
[WhiteElo "1811"]
[BlackElo "2003"]
[PlyCount "110"]
[EventDate "2005.06.03"]
[EventType "swiss"]
[EventRounds "9"]
[EventCountry "ESP"]
[Source "lmi"]
[SourceDate "2005.06.11"]

1. e4 c5 2. Nf3 Nc6 3. d4 cxd4 4. Nxd4 Nf6 5. Nc3 e5 6. Ndb5 d6 7. Bg5 a6 8.
Na3 b5 9. Nd5 Be7 10. Bxf6 Bxf6 11. c4 Nd4 12. Nc2 Nxc2+ 13. Qxc2 O-O 14. b3
Rb8 15. Bd3 Bb7 16. O-O Bxd5 17. cxd5 Rc8 18. Qb2 Bg5 19. a4 Qb6 20. Qe2 Rc3
21. axb5 axb5 22. b4 Qd4 23. Bxb5 Qxb4 24. Rfb1 Qc5 25. g3 Rc2 26. Qf1 Rxf2 27.
Qc4 Qb6 28. Kh1 Rb8 29. Rf1 Rxf1+ 30. Qxf1 g6 31. Bd3 Qd4 32. Ra6 Rb3 33. Bc2
Rb2 34. Rc6 Qd2 35. Rc8+ Kg7 36. Rc7 Bf4 37. Qd3 Qxd3 38. Bxd3 Be3 39. Rc2 Rb4
40. Kg2 Bc5 41. Kf3 h5 42. h3 Rb3 43. Ke2 Kh6 44. Rc1 f6 45. Rf1 Rb2+ 46. Kf3
Rd2 47. Be2 f5 48. exf5 e4+ 49. Kxe4 Rxe2+ 50. Kd3 Re3+ 51. Kc2 gxf5 52. Rxf5
Rxg3 53. h4 Kg6 54. Rf8 Rg4 55. Rg8+ Kf5 0-1

[Event "Isla de La Palma Torneo Sub 2050"]
[Site "Isla de La Palma ESP"]
[Date "2005.06.08"]
[Round "6.1"]
[White "Machin Arbelo, Pedro Alexis"]
[Black "Fernandez Garcia, Ignacio"]
[Result "1-0"]
[WhiteElo "2029"]
[BlackElo "2023"]
[PlyCount "52"]
[EventDate "2005.06.03"]
[EventType "swiss"]
[EventRounds "9"]
[EventCountry "ESP"]
[Source "lmi"]
[SourceDate "2005.06.11"]

1. e4 e6 2. Nf3 d6 3. d4 Be7 4. Bd3 Nd7 5. O-O e5 6. c3 Ngf6 7. Bg5 O-O 8. h3
Nh5 9. Be3 Nhf6 10. Bc2 c6 11. Bg5 Qb6 12. Bb3 Qc7 13. Nbd2 b5 14. Nh4 Nb6 15.
f4 Ne8 16. dxe5 dxe5 17. Qh5 Nd6 18. f5 Bxg5 19. Qxg5 Ndc4 20. f6 g6 21. Nxc4
bxc4 22. Bxc4 Qd6 23. Nxg6 hxg6 24. Qxg6+ Kh8 25. Bxf7 Rxf7 26. Qxf7 Be6 1-0

[Event "Isla de La Palma Torneo Sub 2050"]
[Site "Isla de La Palma ESP"]
[Date "2005.06.08"]
[Round "6.3"]
[White "Vela Ignacio, Jose Manuel"]
[Black "Campos Calvo, Sotelo Juan"]
[Result "0-1"]
[WhiteElo "2023"]
[BlackElo "1949"]
[PlyCount "63"]
[EventDate "2005.06.03"]
[EventType "swiss"]
[EventRounds "9"]
[EventCountry "ESP"]
[Source "lmi"]
[SourceDate "2005.06.11"]

1. e4 e6 2. d4 a6 3. c4 b5 4. cxb5 axb5 5. Bxb5 Bb7 6. f3 Nc6 7. Ne2 Qh4+ 8. g3
Qh5 9. Bxc6 Bxc6 10. O-O g5 11. d5 Bc5+ 12. Kg2 Bb7 13. Nbc3 Ne7 14. Nb5 O-O
15. Nxc7 exd5 16. Nxd5 Nxd5 17. exd5 Ra6 18. g4 Qg6 19. Nc3 h5 20. Ne4 Ba7 21.
Nxg5 hxg4 22. fxg4 Rd6 23. Rf5 f6 24. Qb3 Rb6 25. Qa4 fxg5 26. Qxa7 Rxf5 27.
gxf5 Bxd5+ 28. Kg1 Qd6 29. Qa3 Rb4 30. h3 Qb8 31. Qe3 Rf4 32. Qe2 0-1

[Event "Isla de La Palma Torneo Sub 2050"]
[Site "Isla de La Palma ESP"]
[Date "2005.06.08"]
[Round "6.4"]
[White "Alonso Contreras, Mario Elias"]
[Black "Gonzalo Gonzalez, Francisco"]
[Result "1-0"]
[WhiteElo "2003"]
[BlackElo "1947"]
[PlyCount "91"]
[EventDate "2005.06.03"]
[EventType "swiss"]
[EventRounds "9"]
[EventCountry "ESP"]
[Source "lmi"]
[SourceDate "2005.06.11"]

1. e4 c5 2. Nf3 Nc6 3. b3 d6 4. Bb5 Bd7 5. O-O Nf6 6. Re1 g6 7. Bb2 Bg7 8. c3
O-O 9. d4 cxd4 10. cxd4 Bg4 11. Bxc6 bxc6 12. h3 Bd7 13. Nc3 Qc8 14. Qe2 Nh5
15. Bc1 e5 16. dxe5 dxe5 17. Na4 f5 18. Nc5 Be8 19. exf5 Qxf5 20. Ne4 Nf4 21.
Bxf4 exf4 22. Rac1 Rd8 23. Neg5 Bd7 24. Qc4+ Kh8 25. Ne6 Bxe6 26. Qxe6 c5 27.
Qe7 Bd4 28. Qxa7 Ra8 29. Nxd4 Rxa7 30. Nxf5 Rxf5 31. Rc2 Kg7 32. Re4 g5 33. Re6
h5 34. Rc6 Ra5 35. a4 Kf7 36. Kf1 g4 37. Rd2 Ke7 38. Rdd6 f3 39. Re6+ Kf7 40.
Re3 fxg2+ 41. Kxg2 gxh3+ 42. Rxh3 Kg7 43. Rg3+ Kh7 44. Rcg6 h4 45. R3g5 Rf4 46.
Rg4 1-0

[Event "Isla de La Palma Torneo Sub 2050"]
[Site "Isla de La Palma ESP"]
[Date "2005.06.08"]
[Round "6.5"]
[White "Hernandez Leon, Alberto"]
[Black "Navarro Coloma, Antonio"]
[Result "1-0"]
[WhiteElo "2033"]
[BlackElo "1961"]
[PlyCount "29"]
[EventDate "2005.06.03"]
[EventType "swiss"]
[EventRounds "9"]
[EventCountry "ESP"]
[Source "lmi"]
[SourceDate "2005.06.11"]

1. e4 e6 2. d4 d5 3. Nc3 Nf6 4. e5 Nfd7 5. f4 c5 6. Nf3 Nc6 7. Be3 Qb6 8. Qd2
cxd4 9. Nxd4 Nxd4 10. Bxd4 Bc5 11. Na4 Bb4 12. c3 Qa5 13. cxb4 Qxa4 14. b3 Qc6
15. Rc1 1-0

[Event "Isla de La Palma Torneo Sub 2050"]
[Site "Isla de La Palma ESP"]
[Date "2005.06.08"]
[Round "6.6"]
[White "Ortega Morales, Pedro"]
[Black "Ortiz Perez, Hector"]
[Result "0-1"]
[WhiteElo "1957"]
[BlackElo "2017"]
[PlyCount "82"]
[EventDate "2005.06.03"]
[EventType "swiss"]
[EventRounds "9"]
[EventCountry "ESP"]
[Source "lmi"]
[SourceDate "2005.06.11"]

1. d4 g6 2. Nf3 Bg7 3. Bf4 d6 4. Nbd2 c5 5. e3 Qb6 6. Nc4 Qc6 7. a4 Bd7 8. c3
Nf6 9. h3 O-O 10. Be2 Na6 11. O-O Qc8 12. Ncd2 b6 13. e4 Nh5 14. Bh2 Bh6 15.
Re1 cxd4 16. cxd4 Nf4 17. Rc1 Qb7 18. Bf1 Rac8 19. Rxc8 Rxc8 20. Nb1 d5 21. Ne5
Nb4 22. Nc3 dxe4 23. Rxe4 Nfd5 24. Qf3 Nf6 25. Re1 Qxf3 26. Nxf3 e6 27. Ba6
Nxa6 28. g4 Bg7 29. Ne5 Bc6 30. f4 Nd7 31. Nb5 Bxb5 32. axb5 Nxe5 33. dxe5 Nb4
34. Re2 Rc1+ 35. Kg2 Rc2 36. Rxc2 Nxc2 37. Bg1 Bf8 38. Kf3 Bc5 39. Bh2 Nd4+ 40.
Ke4 Nxb5 41. f5 Nc7 0-1

[Event "Isla de La Palma Torneo Sub 2050"]
[Site "Isla de La Palma ESP"]
[Date "2005.06.09"]
[Round "7.1"]
[White "Campos Calvo, Sotelo Juan"]
[Black "Machin Arbelo, Pedro Alexis"]
[Result "1/2-1/2"]
[WhiteElo "1949"]
[BlackElo "2029"]
[PlyCount "128"]
[EventDate "2005.06.03"]
[EventType "swiss"]
[EventRounds "9"]
[EventCountry "ESP"]
[Source "lmi"]
[SourceDate "2005.06.11"]

1. b4 Nf6 2. c4 g6 3. Bb2 Bg7 4. e3 O-O 5. Nc3 d6 6. Nf3 c6 7. h3 a5 8. b5 e5
9. a4 Be6 10. Be2 h6 11. O-O Nbd7 12. Nh2 e4 13. f4 Nb6 14. Qb3 Rc8 15. Rac1
Nh5 16. f5 Ng3 17. fxe6 Bxc3 18. exf7+ Rxf7 19. Bg4 Bxb2 20. Rxf7 Kxf7 21. Rb1
Be5 22. c5+ Nd5 23. bxc6 bxc6 24. Bxc8 Qxc8 25. Qb7+ Qxb7 26. Rxb7+ Ke6 27.
cxd6 Bxd6 28. Ng4 h5 29. Nf2 Bb4 30. d3 Bd2 31. dxe4 Nxe3 32. Rb6 Ne2+ 33. Kh1
Nf1 34. Rxc6+ Kf7 35. e5 Neg3+ 36. Kg1 Be3 37. Rf6+ Kg7 38. Rf3 Bc5 39. e6 g5
40. Rf7+ Kg6 41. Rc7 Ba3 42. Nd3 Ne3 43. e7 Kf7 44. Ne5+ Ke8 45. Nc6 Kf7 46.
Nxa5 Nd5 47. Rc8 Nxe7 48. Rc4 Ke6 49. Kf2 Ngf5 50. Nb7 Kd5 51. Rc7 Nd6 52. Rxe7
Ne4+ 53. Rxe4 Kxe4 54. a5 Bb2 55. Nd6+ Kd5 56. Nf7 Bf6 57. a6 Kc6 58. Ke3 Kb6
59. Ke4 g4 60. hxg4 hxg4 61. Kf5 Bh4 62. Kxg4 Be1 63. Kf3 Kxa6 64. g4 Bh4
1/2-1/2

[Event "Isla de La Palma Torneo Sub 2050"]
[Site "Isla de La Palma ESP"]
[Date "2005.06.09"]
[Round "7.2"]
[White "Fernandez Garcia, Ignacio"]
[Black "Alonso Contreras, Mario Elias"]
[Result "0-1"]
[WhiteElo "2023"]
[BlackElo "2003"]
[PlyCount "52"]
[EventDate "2005.06.03"]
[EventType "swiss"]
[EventRounds "9"]
[EventCountry "ESP"]
[Source "lmi"]
[SourceDate "2005.06.11"]

1. e4 c5 2. Bc4 e6 3. Nc3 Nc6 4. Nf3 a6 5. a4 Nf6 6. O-O d5 7. Ba2 d4 8. Ne2
Nxe4 9. d3 Nf6 10. Ng3 Be7 11. Re1 O-O 12. Bg5 Nd5 13. Bxe7 Ndxe7 14. Ne4 b6
15. Nfg5 Nd5 16. Nxh7 Kxh7 17. Qh5+ Kg8 18. Ng5 Nf6 19. Qh4 Ne7 20. Re4 Ng6 21.
Qh3 e5 22. Qg3 Nxe4 23. dxe4 Qf6 24. Nf3 Nf4 25. Re1 Be6 26. Bd5 Nh5 0-1

[Event "Isla de La Palma Torneo Sub 2050"]
[Site "Isla de La Palma ESP"]
[Date "2005.06.09"]
[Round "7.3"]
[White "Ortiz Perez, Hector"]
[Black "Hernandez Leon, Alberto"]
[Result "0-1"]
[WhiteElo "2017"]
[BlackElo "2033"]
[PlyCount "58"]
[EventDate "2005.06.03"]
[EventType "swiss"]
[EventRounds "9"]
[EventCountry "ESP"]
[Source "lmi"]
[SourceDate "2005.06.11"]

1. e4 c5 2. Nf3 d6 3. d4 cxd4 4. Nxd4 Nf6 5. Nc3 a6 6. Be2 e5 7. Nb3 Be7 8. f3
Be6 9. Be3 Nbd7 10. O-O O-O 11. Qd2 Rc8 12. g4 Nb6 13. Rad1 Qc7 14. h3 d5 15.
Nxd5 Nbxd5 16. exd5 Nxd5 17. c4 Nxe3 18. Qxe3 Bxc4 19. Rc1 b5 20. Kh1 Qb8 21.
Rfd1 Bg5 22. Qxg5 Bxe2 23. Rxc8 Rxc8 24. Rd7 Bxf3+ 25. Kg1 e4 26. Kf2 h6 27.
Qe7 Qf4 28. Rd8+ Rxd8 29. Qxd8+ Kh7 0-1

[Event "Isla de La Palma Torneo Sub 2050"]
[Site "Isla de La Palma ESP"]
[Date "2005.06.09"]
[Round "7.8"]
[White "Yañez Acin, Gonzalo"]
[Black "Iglesias Dominguez, Jacinto"]
[Result "1-0"]
[WhiteElo "2000"]
[BlackElo "1934"]
[PlyCount "89"]
[EventDate "2005.06.03"]
[EventType "swiss"]
[EventRounds "9"]
[EventCountry "ESP"]
[Source "lmi"]
[SourceDate "2005.06.11"]

1. e4 c5 2. Nf3 Nc6 3. d4 cxd4 4. Nxd4 e5 5. Nb3 Nf6 6. Bg5 Be7 7. Bxf6 Bxf6 8.
Nc3 d6 9. Nd5 a5 10. c3 Be7 11. Be2 O-O 12. O-O Be6 13. Nd2 Bxd5 14. exd5 Nb8
15. a4 Nd7 16. Bb5 f5 17. b4 b6 18. Nc4 Nf6 19. Bc6 Ra7 20. Qb3 Qc7 21. Nxe5
Kh8 22. Nf3 Ne4 23. Rad1 Bf6 24. Nd4 Bxd4 25. Rxd4 Qe7 26. f3 Ng5 27. Rdd1 Qe3+
28. Kh1 Re7 29. bxa5 Rb8 30. a6 b5 31. axb5 h5 32. Qc2 g6 33. Qf2 f4 34. Qxe3
fxe3 35. Rfe1 h4 36. Rd4 h3 37. Rg4 hxg2+ 38. Kxg2 Nf7 39. Re4 Ra7 40. R1xe3
Ne5 41. Bb7 Kg7 42. f4 Ng4 43. Re7+ Kf8 44. R3e6 g5 45. Rh7 1-0

[Event "Isla de La Palma Torneo Sub 2050"]
[Site "Isla de La Palma ESP"]
[Date "2005.06.10"]
[Round "8.1"]
[White "Machin Arbelo, Pedro Alexis"]
[Black "Alonso Contreras, Mario Elias"]
[Result "1/2-1/2"]
[WhiteElo "2029"]
[BlackElo "2003"]
[PlyCount "27"]
[EventDate "2005.06.03"]
[EventType "swiss"]
[EventRounds "9"]
[EventCountry "ESP"]
[Source "lmi"]
[SourceDate "2005.06.11"]

1. d4 Nf6 2. Nc3 d5 3. h3 Bf5 4. Bg5 Nbd7 5. Nf3 h6 6. Bh4 e6 7. e3 Be7 8. Bd3
Bxd3 9. Qxd3 O-O 10. e4 dxe4 11. Nxe4 Nxe4 12. Qxe4 c6 13. Bxe7 Qxe7 14. a3
1/2-1/2

[Event "Isla de La Palma Torneo Sub 2050"]
[Site "Isla de La Palma ESP"]
[Date "2005.06.10"]
[Round "8.2"]
[White "Hernandez Leon, Alberto"]
[Black "Campos Calvo, Sotelo Juan"]
[Result "1-0"]
[WhiteElo "2033"]
[BlackElo "1949"]
[PlyCount "102"]
[EventDate "2005.06.03"]
[EventType "swiss"]
[EventRounds "9"]
[EventCountry "ESP"]
[Source "lmi"]
[SourceDate "2005.06.11"]

1. e4 e6 2. d4 a6 3. Nf3 b5 4. Bd3 c5 5. c3 Bb7 6. O-O Nf6 7. Re1 Be7 8. Bg5 h6
9. Bxf6 gxf6 10. Nbd2 c4 11. Bc2 Nc6 12. Qe2 Qb6 13. Nf1 h5 14. Rad1 O-O-O 15.
Ne3 Rdg8 16. d5 Ne5 17. Nxe5 fxe5 18. a4 Bc5 19. axb5 axb5 20. b3 exd5 21. Nxd5
Qg6 22. Qf3 Rh6 23. bxc4 bxc4 24. Ba4 Bxd5 25. Rxd5 d6 26. Bb5 Qg7 27. Ra1 Kc7
28. Qh3 Re6 29. Bxc4 Rg6 30. g3 Qf6 31. Qf5 Qxf5 32. exf5 Rg4 33. Bd3 h4 34.
Kg2 hxg3 35. fxg3 Rb8 36. Ra2 Rb3 37. h4 Rg8 38. Rc2 Rb1 39. Kh2 Bg1+ 40. Kh3
Be3 41. Be4 Re1 42. Bg2 Bc5 43. Rd3 e4 44. Rdd2 Re3 45. Kh2 Rexg3 46. Re2 e3
47. Rb2 Bb6 48. Rb4 f6 49. Re4 Kd7 50. Rb4 Bc7 51. Kh1 Ra8 1-0

[Event "Isla de La Palma Torneo Sub 2050"]
[Site "Isla de La Palma ESP"]
[Date "2005.06.10"]
[Round "8.4"]
[White "Barrio Pareja, Eduardo"]
[Black "Fernandez Garcia, Ignacio"]
[Result "0-1"]
[WhiteElo "2000"]
[BlackElo "2023"]
[PlyCount "68"]
[EventDate "2005.06.03"]
[EventType "swiss"]
[EventRounds "9"]
[EventCountry "ESP"]
[Source "lmi"]
[SourceDate "2005.06.11"]

1. e4 e6 2. Nf3 d5 3. Nc3 d4 4. Ne2 Nc6 5. d3 Nf6 6. g3 e5 7. Bg2 h6 8. O-O g5
9. c3 Bc5 10. b4 Bb6 11. a4 dxc3 12. b5 Nd4 13. Nxe5 Nxe2+ 14. Qxe2 Bd4 15. Nc4
Ng4 16. Ne3 Ne5 17. Qc2 Bg4 18. Nxg4 Nxg4 19. Ba3 Ne5 20. Rad1 a5 21. Kh1 h5
22. h3 Qd7 23. Bc1 f6 24. Be3 O-O-O 25. Rfe1 Rh7 26. f4 gxf4 27. gxf4 Nf3 28.
Re2 Rg7 29. f5 Bxe3 30. Rxe3 Nh4 31. Bf3 Rg3 32. Qf2 Rxh3+ 33. Kg1 Rg8+ 34. Kf1
Rhg3 0-1

[Event "Isla de La Palma Torneo Sub 2050"]
[Site "Isla de La Palma ESP"]
[Date "2005.06.10"]
[Round "8.5"]
[White "Vela Ignacio, Jose Manuel"]
[Black "Gonzalo Gonzalez, Francisco"]
[Result "0-1"]
[WhiteElo "2023"]
[BlackElo "1947"]
[PlyCount "82"]
[EventDate "2005.06.03"]
[EventType "swiss"]
[EventRounds "9"]
[EventCountry "ESP"]
[Source "lmi"]
[SourceDate "2005.06.11"]

1. e4 c5 2. Nf3 Nc6 3. d4 cxd4 4. Nxd4 d6 5. Nc3 g6 6. Bc4 Bg7 7. Be3 Nf6 8. f3
a6 9. Qd2 Ne5 10. Bb3 Qc7 11. Bh6 O-O 12. Bxg7 Kxg7 13. h4 Nc4 14. Bxc4 Qxc4
15. h5 Rh8 16. hxg6 fxg6 17. Qh6+ Kf7 18. O-O-O b5 19. Nde2 Be6 20. Nf4 b4 21.
Ncd5 Bxd5 22. exd5 Qxa2 23. Rde1 Rag8 24. Qh3 Re8 25. Qe6+ Kg7 26. Qe3 Qa1+ 27.
Kd2 Qxb2 28. Ne6+ Kg8 29. Qh6 Nxd5 30. Rh4 b3 31. Ke2 Qf6 32. Kf1 bxc2 33. Rd4
g5 34. Qh5 Qg6 35. Qxg6+ hxg6 36. Rc4 Rh1+ 37. Ke2 Rxe1+ 38. Kxe1 Ne3 39. Rc3
Rb8 40. Nd4 Rb1+ 41. Kd2 Rd1+ 0-1

[Event "Isla de La Palma Torneo Sub 2050"]
[Site "Isla de La Palma ESP"]
[Date "2005.06.10"]
[Round "8.6"]
[White "Schmitt, Raul"]
[Black "Yañez Acion, Gonzalo"]
[Result "1-0"]
[WhiteElo "1939"]
[BlackElo "2000"]
[PlyCount "43"]
[EventDate "2005.06.03"]
[EventType "swiss"]
[EventRounds "9"]
[EventCountry "ESP"]
[Source "lmi"]
[SourceDate "2005.06.11"]

1. c4 Nf6 2. g3 e5 3. Bg2 c6 4. Nc3 Bb4 5. d4 e4 6. Qb3 Na6 7. Bd2 Bxc3 8. bxc3
O-O 9. Nh3 Re8 10. O-O d5 11. cxd5 cxd5 12. Bg5 Re6 13. Nf4 Nc7 14. Nxe6 fxe6
15. f3 Nce8 16. fxe4 h6 17. Bxf6 Nxf6 18. exd5 Qc7 19. e4 exd5 20. e5 Ng4 21.
Bxd5+ Kh8 22. Rf7 1-0

[Event "Isla de La Palma Torneo Sub 2050"]
[Site "Isla de La Palma ESP"]
[Date "2005.06.11"]
[Round "9.1"]
[White "Sanjuan Morigosa, Isaura"]
[Black "Machin Arbelo, Pedro Alexis"]
[Result "1-0"]
[WhiteElo "2003"]
[BlackElo "2029"]
[PlyCount "94"]
[EventDate "2005.06.03"]
[EventType "swiss"]
[EventRounds "9"]
[EventCountry "ESP"]
[Source "lmi"]
[SourceDate "2005.06.11"]

1. d4 Nf6 2. c4 e6 3. Nc3 Bb4 4. Bg5 c5 5. d5 h6 6. Bh4 g5 7. Bg3 Ne4 8. Be5
O-O 9. Qd3 Nf6 10. a3 Bxc3+ 11. Bxc3 exd5 12. cxd5 d6 13. h4 g4 14. h5 Re8 15.
f3 Na6 16. Qd2 Kh7 17. Qf4 Re5 18. e3 Qe7 19. Bd3+ Kg7 20. O-O-O Nxd5 21. Bxe5+
dxe5 22. Qe4 Nf6 23. Qa4 Bd7 24. Bb5 Be6 25. Bc4 Nc7 26. Bxe6 Qxe6 27. Ne2 b5
28. Qa5 Ncd5 29. Qd2 b4 30. e4 Nb6 31. axb4 cxb4 32. Qxb4 Qa2 33. Nc3 Rc8 34.
Kd2 Nc4+ 35. Ke2 Nxb2 36. Rd2 Qa6+ 37. Qb5 Qa3 38. Qxb2 Rxc3 39. Qxa3 Rxa3 40.
Rc1 Nxh5 41. Rc5 Nf4+ 42. Kd1 gxf3 43. gxf3 Rxf3 44. Rxe5 Kg6 45. Rc5 a5 46.
Rd6+ Kg7 47. Rf5 Rd3+ 1-0

[Event "Isla de La Palma Torneo Sub 2050"]
[Site "Isla de La Palma ESP"]
[Date "2005.06.11"]
[Round "9.2"]
[White "Alonso Contreras, Mario Elias"]
[Black "Hernandez Leon, Alberto"]
[Result "1/2-1/2"]
[WhiteElo "2003"]
[BlackElo "2033"]
[PlyCount "65"]
[EventDate "2005.06.03"]
[EventType "swiss"]
[EventRounds "9"]
[EventCountry "ESP"]
[Source "lmi"]
[SourceDate "2005.06.11"]

1. e4 c5 2. Nf3 d6 3. b3 Nf6 4. Bb5+ Bd7 5. Bxd7+ Qxd7 6. Qe2 Qg4 7. e5 dxe5 8.
O-O e4 9. Qb5+ Qd7 10. Qxd7+ Nbxd7 11. Ng5 h6 12. Nh3 e5 13. Nc3 g5 14. Kh1 Bg7
15. Bb2 O-O 16. Rae1 Nb6 17. Nxe4 Nxe4 18. Rxe4 f5 19. Re2 e4 20. Bxg7 Kxg7 21.
f3 exf3 22. gxf3 Rfe8 23. Rfe1 Rxe2 24. Rxe2 Kf6 25. Kg2 Nd5 26. a3 h5 27. c4
Nc7 28. f4 g4 29. Ng5 Re8 30. Re3 Ne6 31. Rxe6+ Rxe6 32. Nxe6 Kxe6 33. Kg3
1/2-1/2